| 000 -LEADER |
| fixed length control field |
00963cam a2200325 a 4500 |
| 001 - CONTROL NUMBER |
| control field |
1387402 |
| 003 - CONTROL NUMBER IDENTIFIER |
| control field |
OSt |
| 005 - DATE AND TIME OF LATEST TRANSACTION |
| control field |
20210416053851.0 |
| 008 - FIXED-LENGTH DATA ELEMENTS--GENERAL INFORMATION |
| fixed length control field |
820121s1982 nyu b 000 0 eng |
| 010 ## - LIBRARY OF CONGRESS CONTROL NUMBER |
| LC control number |
82002124 |
| 020 ## - INTERNATIONAL STANDARD BOOK NUMBER |
| International Standard Book Number |
0452253411 |
| 040 ## - CATALOGING SOURCE |
| Original cataloging agency |
eng |
| Transcribing agency |
DLC |
| Modifying agency |
eng |
| 041 ## - LANGUAGE CODE |
| Language code of text/sound track or separate title |
eng |
| 050 00 - LIBRARY OF CONGRESS CALL NUMBER |
| Classification number |
RC555 |
| Item number |
.C5 1982 |
| 080 ## - UNIVERSAL DECIMAL CLASSIFICATION NUMBER |
| Universal Decimal Classification number |
616.89 |
| Item number |
C-60 |
| 082 00 - DEWEY DECIMAL CLASSIFICATION NUMBER |
| Classification number |
616.85/82 |
| Edition number |
19 |
| 100 1# - MAIN ENTRY--PERSONAL NAME |
| Personal name |
Cleckley, Hervey M. |
| Fuller form of name |
(Hervey Milton), |
| Dates associated with a name |
1903-1984. |
| 245 14 - TITLE STATEMENT |
| Title |
The mask of sanity / |
| Statement of responsibility, etc. |
Hervey Cleckley. |
| 250 ## - EDITION STATEMENT |
| Edition statement |
Rev. ed. |
| 260 ## - PUBLICATION, DISTRIBUTION, ETC. |
| Place of publication, distribution, etc. |
New York : |
| Name of publisher, distributor, etc. |
New American Library ; |
| Place of publication, distribution, etc. |
St. Louis : |
| Name of publisher, distributor, etc. |
Mosby, |
| Date of publication, distribution, etc. |
1982. |
| 300 ## - PHYSICAL DESCRIPTION |
| Extent |
xiii, 285 p. ; |
| Dimensions |
23 cm. |
| 440 #0 - SERIES STATEMENT/ADDED ENTRY--TITLE |
| Title |
Mosby medical library |
| 500 ## - GENERAL NOTE |
| General note |
"A Plume book." |
| 504 ## - BIBLIOGRAPHY, ETC. NOTE |
| Bibliography, etc. note |
Includes bibliographical references. |
| 650 #0 - SUBJECT ADDED ENTRY--TOPICAL TERM |
| Topical term or geographic name entry element |
Antisocial personality disorders. |
| 650 #0 - SUBJECT ADDED ENTRY--TOPICAL TERM |
| Topical term or geographic name entry element |
Psychiatry |
| 9 (RLIN) |
131 |
| 653 ## - INDEX TERM--UNCONTROLLED |
| Uncontrolled term |
ფსიქიატრია |
| 906 ## - LOCAL DATA ELEMENT F, LDF (RLIN) |
| a |
7 |
| b |
cbc |
| c |
orignew |
| d |
1 |
| e |
ocip |
| f |
19 |
| g |
y-gencatlg |
| 942 ## - ADDED ENTRY ELEMENTS (KOHA) |
| Source of classification or shelving scheme |
|
| Koha item type |
Books |